000 01244cam a22003617a 4500
001 4688
003 FISKH
005 20240920151210.0
008 030610s2002 nyua j 000 1 eng d
010 _a 2003274276
020 _a0439389895
035 _a(OCoLC)ocm52403668
040 _aMGI
_cMGI
_dDLC
050 _aPZ7.M639795
082 _a813.54
100 1 _aMills, J. Elizabeth.
245 1 4 _aThe big bad cold /
_cadapted by Liz Mills from the television script "Get Well" by Don Gilles ; illustrated by Carolyn Bracken & Ken Edwards.
260 _aNew York :
_bScholastic,
_c2002.
300 _a32 unnumbered pages pages :
_bcolor illustrations ;
_c23 cm
440 0 _aBig red reader
490 1 _aScholastic Clifford the big red dog
500 _a"Based on the Scholastic book series 'Clifford the Big Red Dog' by Norman Bridwell."
505 _aI
520 _aEmily Elizabeth has a bad cold. How sill Clifford and his friends cheer her up?
521 0 _a450
_bLexile
521 1 _aI
_bRaz-Plus
650 1 _aDogs
_vFiction.
650 1 _aSick
_vFiction.
700 1 _aEdwards, Ken,
_d1965-
_eillustrator
906 _a7
_bcbc
_ccopycat
_d3
_encip
_f20
_gy-gencatlg
942 _2ddc
_cBK
_n0
999 _c4688
_d4688